000
00306nam a2200121Ia 4500
008
190802s9999 xx 000 0 und d
020
_a
978-81-265-6061-5
100
_a
John C.Hull
245
0
_a
Risk Management and financial Institutions
260
_a
India
_b
Wiley
_c
2018
300
_a
714:p
942
_c
BK
999
_c
2081
_d
2081